|
|
|
|
| LEADER |
01878nam a2200277 i 4500 |
| 001 |
GR-MES15098 |
| 003 |
GR-PaULI |
| 005 |
20250204101938.0 |
| 008 |
090409s2003 gr a g 000 0 gre d |
| 020 |
|
|
|a 9601606661
|
| 040 |
|
|
|a GrPaTEI
|b gre
|c GR-PaULI
|e AACR2
|
| 082 |
0 |
4 |
|a 327.1
|2 23
|
| 245 |
0 |
0 |
|a Μύθοι και πραγματικότητα την εποχή της παγκοσμιοποίησης :
|b διεπιστημονική προσέγγιση /
|c Ζουμπουλάκης Μιχαήλ ... [και ά.] ; επιμελητές: Χρήστος Κόλλιας, Χάρης Ναξάκης, Μιχαήλ Χλέτσος.
|
| 260 |
|
|
|a Αθήνα :
|b Πατάκης,
|c 2003.
|
| 300 |
|
|
|a 399 σ. :
|b εικ. ;
|c 21 εκ.
|
| 490 |
1 |
|
|a Επιστήμη και κοινωνία / Πατάκης
|
| 504 |
|
|
|a Περιλαμβάνει βιβλιογραφία.
|
| 650 |
|
4 |
|a Παγκοσμιοποίηση
|x Κοινωνικές απόψεις.
|9 61681
|
| 700 |
1 |
|
|a Ζουμπουλάκης, Μιχαήλ Σ.,
|d 1961-
|e συγγραφέας.
|9 101941
|
| 830 |
|
0 |
|a Επιστήμη και κοινωνία (Πατάκης)
|9 160154
|
| 942 |
|
|
|2 ddc
|c BK
|
| 952 |
|
|
|0 0
|1 0
|2 ddc
|4 0
|6 327_100000000000000_ΜΥΘ
|7 0
|9 272925
|a MSLG
|b MSLG
|c BSC
|d 2021-01-17
|e 24
|f 0
|g 0.00
|l 0
|o 327.1 ΜΥΘ
|p 2420000023305
|r 2021-01-17 00:00:00
|t 1
|w 2021-01-17
|y BK15
|x 20090409 0 ΓΑΒΡΙΝΑ 1
|x GrPaTEI
|
| 952 |
|
|
|0 0
|1 0
|2 ddc
|4 0
|6 327_100000000000000_ΜΥΘ
|7 0
|9 272926
|a MSLG
|b MSLG
|c BSC
|d 2021-01-17
|e 24
|f 0
|g 0.00
|l 0
|o 327.1 ΜΥΘ
|p 2420000023878
|r 2021-01-17 00:00:00
|t 2
|w 2021-01-17
|y BK15
|x 20140711 0 ΧΑΣΑΝΗ 1
|x GrPaTEI
|
| 952 |
|
|
|0 0
|1 0
|2 ddc
|4 0
|6 327_100000000000000_ΜΥΘ
|7 0
|9 272927
|a MSLG
|b MSLG
|c BSC
|d 2021-01-17
|e 24
|f 0
|g 0.00
|l 0
|o 327.1 ΜΥΘ
|p 2420000023879
|r 2021-01-17 00:00:00
|t 3
|v 2021.00
|w 2021-01-17
|y BK15
|x 20140711 0 ΧΑΣΑΝΗ 0
|x GrPaTEI
|
| 998 |
|
|
|c ΒΑΣΙΛΕΙΟΥ
|d 2024-11
|
| 999 |
|
|
|c 157958
|d 157958
|